ՄԱՅՐ ԱԹՈՌ ՍՈՒՐԲ ԷՋՄԻԱԾԻՆ

«ՎԱՉԵ ԵՎ ԹԱՄԱՐ ՄԱՆՈՒԿՅԱՆ» ՄԱՏԵՆԱԴԱՐԱՆ

Кремлевский волк / (Record no. 77016)

MARC details
000 -LEADER
fixed length control field 00931nam a22002657a 4500
003 - CONTROL NUMBER IDENTIFIER
control field SEM
005 - DATE AND TIME OF LATEST TRANSACTION
control field 20251201160803.0
008 - FIXED-LENGTH DATA ELEMENTS--GENERAL INFORMATION
fixed length control field 251002s1991 ai ||||gr||||||01|||arm|d
020 ## - INTERNATIONAL STANDARD BOOK NUMBER
International Standard Book Number 5010031949
040 ## - CATALOGING SOURCE
Original cataloging agency SEM
Transcribing agency SEM
041 ## - LANGUAGE CODE
Language code of text/sound track or separate title rus
Language code of original eng
080 ## - UNIVERSAL DECIMAL CLASSIFICATION NUMBER
Universal Decimal Classification number 92։947/К-12К
100 ## - MAIN ENTRY--PERSONAL NAME
Personal name Каган, Стюарт
245 ## - TITLE STATEMENT
Title Кремлевский волк /
Statement of responsibility, etc. С. Каган ; Ред․։ Е. М. Кожокин ; Пер․։ Н․ С․ Серегин
246 ## - VARYING FORM OF TITLE
Title proper/short title The wolf of the kremlin /
260 ## - PUBLICATION, DISTRIBUTION, ETC.
Place of publication, distribution, etc. Москва :
Name of publisher, distributor, etc. «Прогрес»,
Date of publication, distribution, etc. 1991.
300 ## - PHYSICAL DESCRIPTION
Extent 304 с. ;
Dimensions 21 см
600 ## - SUBJECT ADDED ENTRY--PERSONAL NAME
Personal name Каганович, Лазарь Моисеевич
650 ## - SUBJECT ADDED ENTRY--TOPICAL TERM
Topical term or geographic name entry element История
General subdivision Биография
Geographic subdivision СССР
650 ## - SUBJECT ADDED ENTRY--TOPICAL TERM
Topical term or geographic name entry element Репрессии 30-40-х
653 ## - INDEX TERM--UNCONTROLLED
Uncontrolled term ՍԷՄ
700 ## - ADDED ENTRY--PERSONAL NAME
Personal name Кожокин, Е. М.
Relator term ред․
Relationship edt.
700 ## - ADDED ENTRY--PERSONAL NAME
Personal name Серегин, Н․ С․
Relator term пер․
Relationship trl.
942 ## - ADDED ENTRY ELEMENTS (KOHA)
Source of classification or shelving scheme Universal Decimal Classification
Koha item type Գրքեր/Books
Suppress in OPAC No
Holdings
Withdrawn status Lost status Source of classification or shelving scheme Damaged status Not for loan Collection code Home library Current library Date acquired Cost, normal purchase price Inventory number Total Checkouts Full call number Barcode Date last seen Price effective from Koha item type Public note
    Universal Decimal Classification     Գրապահոց Մայր Աթոռ Սուրբ Էջմիածին «Վաչե և Թամար Մանուկյան» Մատենադարան Մայր Աթոռ Սուրբ Էջմիածին «Վաչե և Թամար Մանուկյան» Մատենադարան 02/10/2025 1500.00 Рус-10945   92։947/К-12К Рус-10945 02/10/2025 02/10/2025 Գրքեր/Books Սպասարկվում է ընթերցասրահ